05 秋田県の市町村 人口順 - Statistics

General Stats
  • This quiz has been taken 6 times
  • The average score is 23 of 25
Answer Stats
順位 人口 市町村 % Correct
1 292,587 秋田市
100%
2 77,132 横手市
100%
3 70,778 大仙市
100%
4 68,773 由利本荘市
100%
5 62,954 大館市
100%
7 37,305 湯沢市
100%
8 30,354 潟上市
100%
9 26,493 北秋田市
100%
10 25,610 鹿角市
100%
11 21,614 仙北市
100%
12 21,611 男鹿市
100%
13 21,311 にかほ市
100%
15 13,157 三種町
100%
16 12,191 羽後町
100%
24 2,403 東成瀬村
100%
25 1,688 上小阿仁村
100%
6 44,832 能代市
83%
17 7,301 五城目町
83%
18 5,636 八峰町
83%
21 4,037 井川町
83%
22 2,792 大潟村
83%
23 2,474 藤里町
83%
14 16,669 美郷町
67%
19 5,010 八郎潟町
67%
20 4,197 小坂町
67%
No matching quizzes found
Score Distribution
Percent of People with Each Score
Percentile by Number Answered
Your Score History
You have not taken this quiz